1937 1183 1162 1352 1704 1172 1028 1399 1381 1622 1331 1979 1052 1922 1660 1996 1492 1435 1543 1226 1757 1337 1093 1721 1235 1552 1401 1936 1455 1494 1399 1712 1670 1544 1934 1459 1168 1474 1532 1737 1538 1333 1820 1393 1127 1390 1377 1417 1248 1258 1732 1872 1513 1162 1541 1813 1188 1018 1415 1283 1298 1068 1775 1722 1446 1204 1698 1079 1421 1256 1140 1041 1215 1337 1470 1172 1292 1444 1726 1090 1146 1351 1370 1055 1672 1753 1381 1141 1854 1227 1098 1092 1640 1458 1703 1539 1843 1693 1320 BCNSPRNW ULIB Ver.6.0+V

เปลี่ยนเป็นภาษาไทย

Change to English
 แสดงรายละเอียดบรรณานุกรม
  กลับหน้าหลัก

Brief Record : Get Marc (ISO 2709) : E-mail record : QR code < ปิดหน้าต่าง
LEADER : 00000nam 2200000uu 4500
001    13399112665
003     ULIB
008    110830s2552||||th 000 0 tha d
020    9789740323808
050 04 JQ1741^bศ799ค 2552
100 0  อรพรรณ พนัสพัฒนา
245 00 คู่มือกฎหมายประชาชน /^cอรพรรณ พนัสพัฒนา บรรณาธิการ
250    พิมพ์ครั้งที่ 2
260    กรุงเทพฯ :^bสำนักพิมพ์แห่งจุฬาลงกรณ์มหาวิทยาลัย,^c2552
300    61 หน้า
650  7 กฎหมาย^zไทย
650  7 กฎหมาย^xรวมเรื่อง
945    ^p40^l0^i026981
945    ^p40^l0^i026982
945    ^p40^l0^i026983
995    ทศพร
999 ^a ทศพร
รายการนี้ยังไม่มีแท็ก
คุณยังไม่ได้ล็อกอิน คุณสามารถมีกิจกรรมร่วมกับเว็บไซต์ได้ แต่ต้องล็อกอินก่อน ::
  ล็อกอิน

รายการสื่อสารสนเทศ

ลำดับที่ ประเภท เลขเรียก/บาร์โค้ด สถานที่ สถานะ
- ไม่พบข้อมูล -

รายการใกล้เคียง
    ผู้แต่ง [อรพรรณ พนัสพัฒนา]

BibComment


ยังไม่เคยถูกคอมเมนท์

คอมเมนท์ทรัพยากรรายการนี้
  คอมเมนท์: คู่มือกฎหมายประชา..


 Copyright 2026. Bcnsprnw @Library